000
00288nam a2200121Ia 4500
003
OSt
005
20230830112555.0
008
170523s9999 xx 000 0 und d
040
_c
IIMT UNIVERSITY
100
_a
BHALLA- V.K
245
3
_a
INTERNATIONAL BUSINESS ENVIRONMENT
942
_2
ddc
_c
02
999
_c
10298
_d
10298